La VIe République et le régime présidentiel (Registro nro. 312090)

Detalles MARC
000 -ENCABEZADO
Número de control [NR] 00740cam a22002171 4500
001 - NÚMERO DE CONTROL
control field 15681335
005 - FECHA Y HORA DE LA ÚLTIMA TRANSACCIÓN
control field 20190806102633.0
008 - DE LONGITUD FIJA DE DATOS DE ELEMENTOS - INFORMACIÓN GENERAL
Elementos de longitud fija [NR] 190521s1961 fr 000 0 fre
010 ## - NUMERO DE CONTROL DE LA BIBLIOTECA DEL CONGRESO (LC) [NR]
Número de control LC [NR] 61044707
040 ## - FUENTE DE CATALOGACION [NR]
Agencia de catalogación original [NR] CO-BoUCM
Quien Cataloga Saul Niño
Quien Clasifica Saul Niño
Idioma de catalogación [NR] spa
041 0# - CODIGO DE IDIOMA [R]
Código de idioma para texto/pista de sonido o título separado [R] Francés
100 1# - ASIENTO PRINCIPAL--NOMBRE PERSONAL [NR]
Nombre personal [NR] Duverger, Maurice
Fechas asociadas con el nombre [NR] 1917-2014
ID Autoridad 87345
245 13 - MENCION DE TITULO [NR]
Título [NR] La VIe République et le régime présidentiel
Mención de responsabilidad, etc. [NR] Maurice Duverger
246 3# - FORMA VARIANTE DEL TITULO [R]
Título propiamente dicho/forma breve del título [NR] Sixième République et le régime présidentiel
260 ## - PUBLICACION, DISTRIBUCION, ETC. (PIE DE IMPRENTA) [R]
Lugar de publicación, distribución, etc. [R] París
Nombre del editor, distribuidor, etc. [R] A. Fayard
Fecha de publicación, distribución, etc. [R] [1961]
546 ## - NOTA DE IDIOMA [R]
Nota de idioma [NR] Texto en francés
650 #7 - ASIENTO SECUNDARIO DE MATERIA - TERMINO TEMATICO [R]
Término temático o nombre geográfico como elemento de entrada [NR] Presidentes
9 (RLIN) 22229
651 #0 - ASIENTO SECUNDARIO DE MATERIA - NOMBRE GEOGRAFICO [R]
Nombre geográfico [NR] Francia
Subdivisión general [R] Política y gobierno
Subdivisión cronológica [R] 1958-1969
9 (RLIN) 95999
942 ## - ELEMENTOS DE ENTRADA AGREGADOS (KOHA)
Sistema de clasificación DEWEY
Tema principal Ciencia política
Tipo de ítem principal el descrito en 300a Libro
Edición 1
Clasificación 320.944
Parte restante de la signatura top. D985r
Título oculto en OPAC No
Existencias
Total préstamos Signatura topográfica Código de barras Última vez visto Ejemplar Costo de reposición Price effective from Tipo de ítem Perdido Sistema de clasificación Dañado No prestable Tipo de ítem específico Suprimido Ubicación habitual Ubicación actual Localización Fecha de creación Proveedor Forma de adquisición Costo
  320.944 D985r 100160051 09/12/2024 Ej.1 26000.00 30/04/2019 Libro   DEWEY     Libro   BodegaJK Claustro Préstamo 2 días después de solicitado 30/04/2019 12 Donación 0.00